000 00613nam a2200229Ia 4500
003 OSt
005 20220926040953.0
006 a|||||r|||| 00| 0
007 ta
008 220923b |||||||| |||| 00| 0 eng d
037 _cGeneral Book
040 _aRTL
_cRTL
_beng
041 _2eng
_aeng
082 _aB, K2
100 _aFine Nathan J
_9344385
245 0 _aIntroduction to modern mathematics
260 _c1962
490 _aRand Mcnally Mathematics Series Ed by William J Leveque
650 _aMathematics
_92141
942 _hB, K2
_cGB
_2CC
999 _c666098
_d666098